| 000 | 00632nam a22001937a 4500 | ||
|---|---|---|---|
| 005 | 20150623112242.0 | ||
| 010 | _aENG-112873 | ||
| 020 |
_c595.00 _a9789350353721 |
||
| 035 | _aEN-96405 | ||
| 037 | _bDBAD/PUB | ||
| 082 | _a345.540253 | ||
| 100 | _aNarayana, P.S. | ||
| 245 |
_aCommentary on the Protection of Children from Sexual Offences Act, 2012 and rules / _cby P.S. Narayana |
||
| 260 |
_a Delhi _bUniversal Law Publishing _c2013 |
||
| 270 |
_aA-58, G.T Karnal Road Industrial Estate, _bDelhi _e110033 |
||
| 300 |
_aliv,428p. _c25cm(Hb) |
||
| 500 | _aIncludes index | ||
| 942 |
_2ddc _cEN _mNAR _h345.540253 |
||
| 999 |
_c93345 _d93345 |
||